000 00556nam a2200181 i 4500
001 62234
003 ES-MaACL
005 20230906164630.0
007 t|
008 031119s1922 sp ||||1| spa d
100 1 _aFeer, E.
_949088
245 1 0 _aTratado de enfermedades de los niños /
_cbajo la dirección de E. Feer ; traducido por Francisco Tous Biaggi.
250 _a6ª ed.
260 _aBarcelona :
_bManuel Marín,
_c1922.
300 _aXVI, 868 p. :
_bil. ;
_c24 cm.
700 1 _aTous Biaggi, Francisco.
_9111157
852 _aES-MaACL
_jB-11562
999 _c62234
_d62234